Two Degrees of Separation - Namibia Quiz Stats

 Plays Quiz not verified by Sporcle

Challenge
Share
Tweet
Embed
Score 0/8 Timer 01:30
1 Play Today
Answer % Correct
Lesotho
98.4%
Swaziland
96.3%
Mozambique
96.3%
Zimbabwe
96.3%
Democratic Republic of the Congo
96.3%
Malawi
92.1%
Tanzania
91.5%
Republic of the Congo
89.9%

You're not logged in!

Compare scores with friends on all Sporcle quizzes.
Join for Free
OR
Log In

You Might Also Like...

Show Comments

Extras

Top Quizzes Today


Score Distribution

Your Account Isn't Verified!

In order to create a playlist on Sporcle, you need to verify the email address you used during registration. Go to your Sporcle Settings to finish the process.

Report this User

Report this user for behavior that violates our Community Guidelines.

Details: